The nonprofit economy /

Bibliographic Details
Main Author: Weisbrod, Burton Allen, 1931-
Format: Book
Language:English
Published: Cambridge, Mass. : Harvard University Press, 1988.
Subjects:

MARC

Tag First Indicator Second Indicator Subfields
LEADER 00000cam a2200000 a 4500
001 in00000029079
005 20151007060048.0
008 870813s1988 mau b 00110 eng
010 |a  87023718  
020 |a 0674626257 (alk. paper) 
035 |a (OCoLC)16580257 
035 |9 AAB9998AM 
040 |a DLC  |c DLC  |d TXA  |d UtOrBLW 
043 |a n-us--- 
049 |a TXAM  |c [A11075528] 
050 0 0 |a HD2769.2.U6  |b W45 1988 
082 0 |a 338.7/4  |2 19 
100 1 |a Weisbrod, Burton Allen,  |d 1931- 
245 1 4 |a The nonprofit economy /  |c Burton A. Weisbrod. 
264 1 |a Cambridge, Mass. :  |b Harvard University Press,  |c 1988. 
300 |a ix, 251 pages ;  |c 25 cm. 
336 |a text  |b txt  |2 rdacontent 
337 |a unmediated  |b n  |2 rdamedia 
338 |a volume  |b nc  |2 rdacarrier 
504 |a Bibliography: pages [217]-246. 
500 |a Includes index. 
650 0 |a Nonprofit organizations  |z United States. 
999 |a MARS 
999 f f |s fbc0f330-5e1b-3149-8f19-1a85fadd5f99  |i eed0f209-1aef-3948-9080-277d6b00e6f0  |t 0 
952 f f |p ric  |a Texas A&M University  |b Rellis Campus  |c Joint Library Facility  |d Remote Storage  |t 0  |e HD2769.2.U6 W45 1988  |h Library of Congress classification  |i unmediated -- volume  |m A14811075528 
998 f f |a HD2769.2.U6 W45 1988  |t 0  |l Remote Storage